000 nam a22 7a 4500
999 _c9886
_d9886
008 180208b ||||| |||| 00| 0 eng d
100 _aChasnwood, L
_95960
245 _aAbrahim Lincon
260 _aNew Delhi
_bMaanu Publication
_c2012